Linux (Record no. 32027)

MARC details
000 -LEADER
fixed length control field 00337nam a2200157Ia 4500
020 ## - INTERNATIONAL STANDARD BOOK NUMBER
ISBN 0-672-31372-3
100 ## - STATEMENT OF RESPONSIBILITY--MAIN AUTHOR NAME
Personal name Parker Tim
245 #0 - TITLE STATEMENT
Title Linux
260 ## - PUBLICATION, DISTRIBUTION, ETC. (IMPRINT)
Name of publisher Sams Publishing
260 ## - PUBLICATION, DISTRIBUTION, ETC. (IMPRINT)
Year of publication 1998
300 ## - PHYSICAL DESCRIPTION
Number of Pages 1114 p
650 ## - SUBJECT ADDED ENTRY--TOPICAL TERM
Topical Term Soft Ware
942 ## - ADDED ENTRY ELEMENTS (KOHA)
Koha item type Books
Holdings
Withdrawn status Lost status Source of classification or shelving scheme Damaged status Not for loan Permanent Location Current Location Shelving location Date acquired Accession Number Price effective from Koha item type
    Library of Congress Classification     NILE UNIVERSITY OF NIGERIA - MAIN LIBRARY NILE UNIVERSITY OF NIGERIA - MAIN LIBRARY Items on shelf 04/23/2025 0001263 04/23/2025 Books